| 000 | 01312nam a2200409 i 4500 | ||
|---|---|---|---|
| 001 | 6959 | ||
| 003 | KOSZ 005 | ||
| 005 | 20230118144824.0 | ||
| 008 | s1994 pl f |000 0 pol | ||
| 020 | _a8386453303 | ||
| 040 |
_cKOSZ 005 _aKOSZ 005 _dKOSZ 005/EG |
||
| 041 | 0 | _apol | |
| 046 | _k1990 | ||
| 080 | _a621.37 | ||
| 080 | _a621.38 | ||
| 080 | _a(075.8) | ||
| 100 | 1 |
_aTadeusiewicz, Michał _eAutor |
|
| 245 | 1 | 0 |
_aTeoria obwodów. _nCz. 3 / _cMichał Tadeusiewicz ; Politechnika Łódzka. |
| 260 |
_aŁódź : _bWydaw. PŁ, _c1994. |
||
| 300 |
_a241 s. : _brys., wykr. ; _c24 cm. |
||
| 336 |
_2rdacontent _aTekst _btxt |
||
| 337 |
_2rdamedia _aBez urządzenia pośredniczącego _bn |
||
| 338 |
_2rdacarrier _aWolumin _bnc |
||
| 380 | _aKsiążki | ||
| 380 | _aPublikacje dydaktyczne | ||
| 385 |
_mPoziom nauczania _aSzkoły wyższe |
||
| 388 | _a1901-2000 | ||
| 388 | _a1989-2000 | ||
| 504 | _aBibliogr. s. 241. | ||
| 650 | 7 | _aObwód elektryczny | |
| 650 | 7 | _aUkład elektroniczny | |
| 655 | _aPodręczniki akademickie | ||
| 658 | _aInżynieria i technika | ||
| 710 | 2 | _aWydawnictwo Naukowe Politechniki Łódzkiej | |
| 856 |
_uhttp://koha.tu.koszalin.pl/cgi-bin/koha/opac-detail.pl?biblionumber=6959 _yKatalog online BPK |
||
| 942 |
_cKS _2UKD |
||
| 999 |
_c6959 _d6959 |
||